Kształty - Statystyki

Ogólne statystyki
  • Ten quiz został rozwiązany 18 razy
  • Średni wynik to 12 z 29
Statystyki odpowiedzi
Odpowiedź % Poprawnych
trójkąt
100%
koło
94%
kwadrat
94%
prostokąt
88%
trapez
88%
pięciokąt
82%
sześciokąt
82%
ośmiokąt
76%
siedmiokąt
76%
dziewięciokąt
71%
dziesięciokąt
65%
romb
59%
okrąg
53%
równoległobok
47%
owal
35%
gwiazda
18%
półkole
18%
strzałka
12%
wielokąt
12%
serce
6%
booba
0%
fraktal
0%
kiki
0%
kropla
0%
krzyż
0%
kwiat
0%
półksiężyc
0%
spirala
0%
trapezoidy
0%
Nie znaleziono quizów pasujących do podanych kryteriów
Rozkład punktacji
Procent ludzi z każdym wynikiem
Percentyl według liczby udzielonych odpowiedzi
Twoja historia wyników
Nie rozwiązałeś tego quizu